000 00687nam a2200265Ia 4500
005 20260121172504.0
008 008 260114s9999 xx 000 0 eng d
020 _a9789811602276
037 _aEBOOK
040 _aCRL
040 _beng
040 _cCRL
041 _2eng
041 _aeng
084 _qCRL
100 _aZhaosheng Liu, Yanping Huang, Yi Yang
_91089066
245 0 _aMolecularly Imprinted Polymers as Advanced Drug Delivery Systems
260 _bSpringer
260 _bSpringer
260 _c2021
856 _uhttps://link.springer.com/openurl?genre=book&isbn=978-981-16-0227-6
942 _cEBOOK
999 _c1654805
_d1654805